000 00501nam a2200193Ia 4500
003 GCL
008 140319s9999 xx 000 0 eng d
040 _aGCL /
_cGCL
082 0 4 _a823
_bD O
100 1 _aTILLOTSAN, KATHLEEN
245 1 0 _aOLIVER TWIST /
_cTILLOTSAN, KATHLEEN
700 1 _aDICKENS, CHARLES
260 _a[S.N] :
_bOXFORD UNIVERSITY PRESS ،
_c1982
300 _a363 P
650 0 4 _aLITERATURE
650 0 4 _aENGLISH FICTION
650 0 4 _aLITERATURE - ENGLISH
942 _2ddc
_cBK
999 _c15863
_d15863